| 000 | 00761nam a2200241 a 4500 | ||
|---|---|---|---|
| 001 | 69833 | ||
| 003 | BD-RjUL | ||
| 005 | 20211209081930.0 | ||
| 008 | 170413s1965 enka 001 0 eng d | ||
| 035 | _a(BD-RjUL)70045 | ||
| 040 |
_aDLC/ICU _cICU _dDLC _dBD-RjUL _beng |
||
| 041 | 1 | _aeng | |
| 082 | 0 | 0 |
_223 _a519.2 _bRUE 1965 |
| 100 | 1 |
_aRumshiskii, L. Z. _q(Lev Zimonovich), _d1918- _9206831 |
|
| 245 | 1 | 0 |
_aElements of probability theory / _cby L.Z. Rumshiskii ; Translated from the Russian by D.M.G. Wishart. |
| 250 | _a1st ed. | ||
| 260 |
_aOxford ; _aNew York : _bPergamon Press, _c1965 |
||
| 300 |
_axi, 160 p. : _bill. ; _c23 cm. |
||
| 500 | _aIncludes index | ||
| 650 | 0 |
_aProbabilities. _9206832 |
|
| 700 |
_aWishart, D.M.G. _9206833 |
||
| 942 |
_2ddc _cBK |
||
| 999 |
_c69833 _d69833 |
||